000
00255nam a2200109Ia 4500
008
190912s9999||||xx |||||||||||||| ||und||
100
_a
A. Murat Tekalp
245
0
_a
Digital Video Processing
260
_a
USA
_b
Education
_c
1995
300
_a
526
942
_c
BK
999
_c
7687
_d
7687